Statistiques concernant Trouve le bon footballeur #1

Cliquez ici pour prendre le quiz!

Statistiques générales

  • Ce quiz a été pris 3 180 fois
  • Le résultat moyen est 14 sur 20

Statistiques - réponses

IndiceJoueur% Correct
Le plus connu de tous les Kylian françaisKylian Mbappe
99%
Arrière droit marocain du PSGAchraf Hakimi
98%
Numéro 10 français qui gagne la coupe du monde 98Zinedine Zidane
95%
Casse la démarche commeSamuel Umtiti
88%
KDBKevin Debruyne
87%
Jeune pépite espagnole (né en 2002)Pedri
86%
Héros au Sénégal, il mène son équipe à la victoire lors de la CAN en 2022Sadio Mané
85%
Jeune joueur brésilien qui marque le premier but de la remontada du Real en demi finale de la Ligue des champions 2022Rodrygo
82%
Ballon d'or 2007Kakà
79%
R10Ronaldinho
79%
Attaquant ivoirien du LOSC transféré à Arsenal durant l'été 2019. Il joue aujourd'hui en TurquieNicolas Pepe
75%
Celui qui a prend un coup de boule du prochainMarco Materazzi
71%
Numéro 7 à ArsenalBukayo Saka
70%
Capitaine de l'équipe AutrichienneDavid Alaba
69%
Il a été élu pire transfert de la saison en Liga en 2012 (mais s'est bien rattrapé depuis)Luka Modric
43%
Elu meilleur joueur de la Bundesliga pour la saison 2021-2022Christopher Nkunku
39%
Ex de la footballeuse du PSG Jordyn HuitemaAlfonso Davies
38%
Il est né le 10 juin 1999 à Almada et il joue à l'AC MilanRafael Leao
38%
La rappeuse Shay a écrit un morceau qui porte son nomThibaut Courtois
36%
Il a laissé sa marque dans le dictionnaire français (au moment où il était la star du PSG)Zlatan Ibrahimovic
36%

Distribution des résultats

Percentile par nombre de réponses

% des personnes avec chaque résultat

Votre développement - résultats

Vous n’avez pas pris ce quiz